|
|
|
|
| LEADER |
00000nam0a2200000 4500 |
| 001 |
178597 |
| 005 |
20231101223421.0 |
| 010 |
|
|
|a 9785939724205
|
| 035 |
|
|
|a (RuTPU)RU\TPU\book\193605
|
| 090 |
|
|
|a 178597
|
| 100 |
|
|
|a 20100408d2009 km y0rusy50 ca
|
| 101 |
0 |
|
|a rus
|
| 102 |
|
|
|a RU
|
| 105 |
|
|
|a a z 001zy
|
| 200 |
1 |
|
|a Плавление полимеров в экструдерах
|f Н. М. Труфанова, А. Г. Щербинин, В. Г. Янков
|
| 210 |
|
|
|a Москва
|c Институт компьютерных исследований
|a Ижевск
|c Регулярная и хаотическая динамика
|d 2009
|
| 215 |
|
|
|a 336 с.
|c ил.
|
| 320 |
|
|
|a Библиогр.: с. 326-333.
|
| 330 |
|
|
|a Проведено численное исследование движения и теплообмена полимера в пла-стицирующем экструдере. Рассмотрены все рабочие зоны экструдера: зона загрузки, зона задержки плавления, зона плавления и зона дозирования. Изучено влияние реологических и теплофизических свойств полимера, геометрии экструдера и технологических параметров на процессы плавления и теплообмена и рабочие характеристики экструдера. Приведены пути интенсификации процессов плавления полимеров. Для научных и инженерно-технических работников промышленности переработки полимеров, главным образом промышленности химических волокон и пленок, а также для преподавателей, аспирантов и студентов, изучающих вопросы переработки пластмасс.
|
| 606 |
1 |
|
|a Экструдеры
|2 stltpush
|3 (RuTPU)RU\TPU\subj\26808
|9 50652
|
| 610 |
1 |
|
|a полимеры
|
| 610 |
1 |
|
|a расплавы
|
| 610 |
1 |
|
|a теплообмен
|
| 610 |
1 |
|
|a плавление
|
| 610 |
1 |
|
|a винтовые каналы
|
| 610 |
1 |
|
|a математическое описание
|
| 610 |
1 |
|
|a рабочие характеристики
|
| 610 |
1 |
|
|a радиальные зазоры
|
| 610 |
1 |
|
|a потребляемая мощность
|
| 610 |
1 |
|
|a пластицирующие экструдеры
|
| 610 |
1 |
|
|a тепломассоперенос
|
| 610 |
1 |
|
|a численные исследования
|
| 610 |
1 |
|
|a химические волокна
|
| 675 |
|
|
|a 678.057
|v 3
|
| 700 |
|
1 |
|a Труфанова
|b Н. М.
|g Наталья Михайловна
|
| 701 |
|
1 |
|a Щербинин
|b А. Г.
|g Алексей Григорьевич
|
| 701 |
|
1 |
|a Янков
|b В. Г.
|g Виктор Иванович
|
| 801 |
|
1 |
|a RU
|b 63413507
|c 20100408
|
| 801 |
|
2 |
|a RU
|b 63413507
|c 20100422
|g RCR
|
| 942 |
|
|
|c BK
|